Social adjustment by the families of children with cerebral palsy: a case study of Delhi (Record no. 20009)

MARC details
000 -LEADER
fixed length control field 00547nam a2200169Ia 4500
082 ## - DEWEY DECIMAL CLASSIFICATION NUMBER
Classification number TB.0403
100 ## - MAIN ENTRY--AUTHOR NAME
Personal name Banerjee, Saradamoyee
245 #0 - TITLE STATEMENT
Title Social adjustment by the families of children with cerebral palsy: a case study of Delhi
260 ## - PUBLICATION, DISTRIBUTION, ETC. (IMPRINT)
Year of publication 2009
Name of publisher University of Delhi, Delhi
300 ## - PHYSICAL DESCRIPTION
Number of Pages 284
504 ## - BIBLIOGRAPHY, ETC. NOTE
Bibliography, etc includes appendices and bibliography
650 ## - SUBJECT ADDED ENTRY--TOPICAL TERM
Topical Term Social adjustment
Geographic subdivision India
-- Delhi
650 ## - SUBJECT ADDED ENTRY--TOPICAL TERM
Topical Term Cerebral palsy
Geographic subdivision India
-- Delhi
650 ## - SUBJECT ADDED ENTRY--TOPICAL TERM
Topical Term Cerebral palsied children
Geographic subdivision India
-- Delhi
710 ## - ADDED ENTRY--CORPORATE NAME
Corporate name or jurisdiction name as entry element Batra, Sushma
942 ## - ADDED ENTRY ELEMENTS (KOHA)
Koha item type Thesis
Source of classification or shelving scheme Dewey Decimal Classification
Holdings
Withdrawn status Lost status Damaged status Not for loan Home library Current library Date acquired Source of acquisition Bill Date Full call number Accession Number Price effective from Koha item type
        NASSDOC Library NASSDOC Library 09/11/2010 Gifted by : Fellowship Division, ICSSR 1899-12-31 TB.0403 46682 18/04/2019 Thesis